Devolution Proposals : (Record no. 2867)
[ view plain ]
| 000 -LEADER | |
|---|---|
| fixed length control field | 00267nam a2200097Ia 4500 |
| 008 - FIXED-LENGTH DATA ELEMENTS--GENERAL INFORMATION | |
| fixed length control field | 240331s9999 xx 000 0 und d |
| 082 ## - DDC Classification | |
| Item Number - Author Mark | DEV |
| 100 ## - MAIN ENTRY--PERSONAL NAME | |
| Personal name | SLFI. ed |
| 245 #0 - TITLE STATEMENT | |
| Title | Devolution Proposals : |
| Remainder of title | away forward- a summary of the proceedings of the seminar |
| 942 ## - Koha item type (Biblio) | |
| Koha item type | Books in Stacks (Lending) |
| Lost status | Damaged status | Collection code | Home library | Current library | Shelving location | Date acquired | Full call number | Accession Number | Item type |
|---|---|---|---|---|---|---|---|---|---|
| Lending | WERC Library | WERC Library | Social Science Cupboard | 03/31/2024 | 351 DEV | 4079 | Books in Stacks (Lending) |
